| 000 | 00527nam a2200229Ia 4500 | ||
|---|---|---|---|
| 003 | OSt | ||
| 005 | 20250702162457.0 | ||
| 008 | 210707s1983 xx 000 0 und d | ||
| 040 | _cAL | ||
| 041 | _aeng | ||
| 082 | _a332.4 VAIM | ||
| 100 |
_aVaish M C _9137993 |
||
| 245 | _aMonetary theory | ||
| 250 | _a10 | ||
| 260 |
_aDelhi _bRatan Prakashan Mandir _c1983 |
||
| 300 | _aviii,242p. | ||
| 365 |
_b35 _cINR |
||
| 563 | _aHB | ||
| 650 |
_aMonetary Economics _9137994 |
||
| 906 | _aMonetary theory | ||
| 942 |
_2ddc _cBK |
||
| 999 |
_c180220 _d180220 |
||